000 00874nam a22002177a 4500
005 20120112172514.0
010 _aB-130965
020 _c225.00
035 _aB-130965
082 _a000
100 _aJain, T. S.
_939126
245 _aUpkar's banks probationary officers examination :
_bincluding previous years' papers- fully solved /
_cby T. S. Jain
250 _arev & en ed.
260 _aAgra
_bUpkar Prakashan
_c2006
270 _a2/11A, Swadeshi Bima Nagar,
_bAgra
_e282002
300 _aVarious pagings
_c24cm(pbk)
942 _2ddc
_cEN
_mJAI
_h000
999 _c60827
_d60827